000 00396nam a22001457a 4500
008 210305b ||||| |||| 00| 0 eng d
020 _a093303174
041 _aeng
080 _a330.101.541
082 _a330.101.541
100 _a52
101 _aMAKRO
245 _aHow economic growth has enriched the few, impoverished the many, and endagered the planet
_cDouthwaite, R
942 _2udc
_cBK
999 _c55834
_d55834